| 000 | 00570 a2200217 4500 | ||
|---|---|---|---|
| 003 | 436106 | ||
| 005 | 20251021211815.0 | ||
| 008 | 251021b |||||||| |||| 00| 0 eng d | ||
| 022 | _a23234545 | ||
| 040 |
_c Nile University o Nigeria, Abuja. _erda |
||
| 050 | _a K 60 A5 | ||
| 082 | _a K 60 A5 | ||
| 245 | _a AMBROSE ALLI UNIVERSITY LAW JOURNAL | ||
| 250 | _avol1/3,No1,2012/2013 | ||
| 260 |
_aKogi _bAAU PRESS _c2013 |
||
| 264 |
_aKogi _bAAU PRESS _c2013 |
||
| 300 | _biv, 176pg., 30 cm | ||
| 336 | _2rdacontent | ||
| 338 | _2rdacarrier | ||
| 942 |
_2lcc _cSERIAL |
||
| 999 |
_c43928 _d43928 |
||